000 00452ntaaa2200181 4500
003 01
005 20251027201822.0
008 0714s1973 ag 01
040 _aAR-BaBN
_bspa
_cAR-BaBN
_eaacr
_dRIC
082 _a244.0000 C23
100 _aCarrasco, Justo González
_916633
245 _aAsí en la tierra como en el cielo
250 _a1 ed.
260 _aBuenos Aires :
_bAurora,
_cc1947
300 _a231 p
650 _anovela
_96781
942 _cBK
999 _c12845
_d12845